000 00287nam a22001337a 4500
008 170529b xxu||||| |||| 00| 0 eng d
020 _a41481
041 _aeng
080 _a621.38
100 _a26
101 _aIM
245 _aSERIES IN ELECTRONIC SYSTEMS
_cMELSA
942 _2udc
_cBK
999 _c14889
_d14889